[Event "ch-USA KO Women"]
[Site "Saint Louis USA"]
[Date "2011.04.23"]
[Round "1.1"]
[White "Abrahamyan, Tatev"]
[Black "Baginskaite, Camilla"]
[Result "0-1"]
[WhiteTitle "WFM"]
[BlackTitle "WGM"]
[WhiteElo "2326"]
[BlackElo "2342"]
[WhiteFideId "13301918"]
[BlackFideId "2014599"]
[EventDate "2011.04.23"]

1. e4 e5 2. Nf3 Nc6 3. Bc4 Bc5 4. b4 Bxb4 5. c3 Be7 6. d4 Na5 7. Be2 d6 8. Qa4+
c6 9. dxe5 dxe5 10. Nxe5 Nf6 11. O-O b5 12. Qc2 O-O 13. Bf4 Qb6 14. a4 a6 15.
axb5 axb5 16. Nd2 Be6 17. Nef3 h6 18. Nd4 Bd7 19. Bg3 b4 20. cxb4 Bxb4 21. N4f3
Rfe8 22. Rfb1 c5 23. Ne5 Bb5 24. Bc4 Nxc4 25. Ndxc4 Qe6 26. Rxa8 Rxa8 27. f3 Nh5
28. Be1 Nf4 29. Bxb4 cxb4 30. Rxb4 Ra1+ 31. Kf2 Qa6 32. Ne3 f6 33. Qb3+ Kh7 34.
Rxb5 fxe5 35. Nc2 Ra5 0-1

[Event "ch-USA KO Women"]
[Site "Saint Louis USA"]
[Date "2011.04.25"]
[Round "1.3"]
[White "Abrahamyan, Tatev"]
[Black "Baginskaite, Camilla"]
[Result "1-0"]
[WhiteTitle "WFM"]
[BlackTitle "WGM"]
[WhiteElo "2326"]
[BlackElo "2342"]
[WhiteFideId "13301918"]
[BlackFideId "2014599"]
[EventDate "2011.04.23"]

1. e4 e5 2. Nf3 Nc6 3. Bc4 Bc5 4. c3 Nf6 5. d3 O-O 6. O-O d5 7. exd5 Nxd5 8. Re1
Nb6 9. Bb5 f6 10. Nbd2 Bg4 11. h3 Bh5 12. Ne4 Be7 13. Ng3 Bg6 14. Nh4 Qd7 15.
Qf3 Rfd8 16. Ngf5 Bf8 17. Nxg6 hxg6 18. Nh4 a6 19. Bxc6 Qxc6 20. Qg4 g5 21. Ng6
Qd7 22. Qh5 Qxd3 23. Bxg5 Nc4 24. Rad1 Qf5 25. Nxf8 Rxf8 26. Qe2 b5 27. Be3 Rfd8
28. Bc1 c5 29. b3 Nd6 30. Ba3 e4 31. Qe3 Rac8 32. Rd2 b4 33. Red1 bxa3 34. Rxd6
Rxd6 35. Rxd6 a5 36. Qd2 c4 37. bxc4 Rxc4 38. Rd8+ Kh7 39. Rd5 Qc8 40. Qe2 f5
41. Qh5+ Kg8 42. Rxf5 Qe6 43. Re5 g6 44. Qg5 Qf7 45. Qd8+ 1-0